Charakteristika a zhodnotenie kvality konkurenčného prostredia podniku vo vybranom odvetví bakalárska práca

Saved in:
Bibliographic Details
Main Author: Kordošová, Katarína
Corporate Author: Fakulta podnikového manažmentu EU. Katedra podnikovohospodárska
Other Authors: Kufelová, Iveta, 1970-
Format: Book
Language:Slovak
Published: Bratislava 2022
Tags: Add Tag
No Tags, Be the first to tag this record!

MARC

LEADER 00000nbm a2200000 4500
001 0285605
005 20230215120010.4
041 0 |a slo 
044 |a SK 
245 1 0 |a Charakteristika a zhodnotenie kvality konkurenčného prostredia podniku vo vybranom odvetví  |b bakalárska práca  |c Katarína Kordošová ; školiteľ: Iveta Kufelová 
264 1 |a Bratislava  |c 2022 
300 |a 55 s. 
100 1 |a Kordošová, Katarína 
700 1 |a Kufelová, Iveta, 1970- 
710 2 |a Fakulta podnikového manažmentu EU. Katedra podnikovohospodárska